Ludność wszystkich państw Australii i Oceanii. - Statystyki

Ogólne statystyki
  • Ten quiz został rozwiązany 84 razy
  • Średni wynik to 12 z 14
Statystyki odpowiedzi
Ludność Państwa % Poprawnych
25 766 601 Australia
100%
4 510 327 Nowa Zelandia
95%
6 909 701 Papua-Nowa Gwinea
95%
885 000 Fidżi
87%
9642 Nauru
87%
647 581 Wyspy Salomona
84%
200 108 Samoa
82%
106 479 Tonga
82%
11 052 Tuvalu
82%
282 814 Vanuatu
82%
119 438 Kiribati
81%
104 196 Mikronezja
81%
21 516 Palau
81%
58 413 Wyspy Marshalla
81%
Nie znaleziono quizów pasujących do podanych kryteriów
Rozkład punktacji
Procent ludzi z każdym wynikiem
Percentyl według liczby udzielonych odpowiedzi
Twoja historia wyników
Nie rozwiązałeś tego quizu